书目信息 |
| 题名: |
国外住房发展报告
|
|
| 作者: | 倪虹 主编 | |
| 分册: | 第1辑 2013 | |
| 出版信息: | 北京 中国建筑工业出版社 2013.10 |
|
| 页数: | 318页 | |
| 开本: | 26cm | |
| 丛书名: | ||
| 单 册: | ||
| 中图分类: | F299.1 | |
| 科图分类: | ||
| 主题词: | 住宅产业--zhu zhai chan ye--研究报告--国外 | |
| 电子资源: | ||
| ISBN: | 978-7-112-15982-6 | |
| 000 | 00979nam0 2200265 450 | |
| 001 | 0100120359 | |
| 005 | 20240326151113.00 | |
| 010 | @a978-7-112-15982-6@dCNY98.00 | |
| 100 | @a20131113d2013 em y0chiy50 ea | |
| 101 | 0 | @achi |
| 102 | @aCN@b110000 | |
| 105 | @aak a 000yy | |
| 200 | 1 | @a国外住房发展报告@Aguo wai zhu fang fa zhan bao gao@d= Foreign housiing development report@h第1辑 2013@f倪虹主编@Fni hong zhu bian@zeng |
| 210 | @a北京@c中国建筑工业出版社@d2013.10 | |
| 215 | @a318页@c图@d26cm | |
| 320 | @a有书目 (第318页) | |
| 330 | @a本书分为综述篇 ; 统计篇 ; 国家篇三篇, 主要内容包括: 国外住房发展综述 ; 国外公共住房发展政策综述 ; 国外住房可持续发展综述等。 | |
| 510 | 1 | @a= Foreign housiing development report |
| 540 | @a国外住房发展报告 | |
| 606 | 0 | @a住宅产业@Azhu zhai chan ye@x研究报告@x国外 |
| 690 | @aF299.1@v5 | |
| 701 | 0 | @a倪虹@Ani hong@4主编 |
| 801 | @aCN@b河南城建学院图书馆 | |
| 901 | @a1415 | |
| 905 | @b1100156-8@dF299.1@eN496@f3@a241430 | |
| 国外住房发展报告= Foreign housiing development report.第1辑 2013/倪虹主编.-北京:中国建筑工业出版社,2013.10 |
| 318页:图;26cm |
| ISBN 978-7-112-15982-6:CNY98.00 |
| 本书分为综述篇 ; 统计篇 ; 国家篇三篇, 主要内容包括: 国外住房发展综述 ; 国外公共住房发展政策综述 ; 国外住房可持续发展综述等。 |
| ● |
| 相关链接 |
|
|
|
正题名:国外住房发展报告
索取号:F299.1/N496
 
预约/预借
| 序号 | 登录号 | 条形码 | 馆藏地/架位号 | 状态 | 备注 |
| 1 | 1100156 | 211001565 | 社科二线422/409社科库 114排1列5层/ [索取号:F299.1/N496] | 在馆 | |
| 2 | 1100157 | 211001574 | 社科二线422/409社科库 114排1列3层/ [索取号:F299.1/N496] | 在馆 | |
| 3 | 1100158 | 211001583 | 社科库409/409社科库 114排1列3层/ [索取号:F299.1/N496] | 在馆 | |
| 4 | 1307337 | 213073378 | 社科二线422/409社科库 114排1列3层/ [索取号:F299.1/N496] | 在馆 | |
| 5 | 1307338 | 213073387 | 社科二线422/409社科库 114排1列3层/ [索取号:F299.1/N496] | 在馆 | |
| 6 | 1307339 | 213073396 | 社科库409/409社科库 114排1列3层/ [索取号:F299.1/N496] | 在馆 | |
| 7 | 1549353 | 215493534 | 社科库409/409社科库 114排1列3层/ [索取号:F299.1/N496] | 在馆 | |
| 8 | 1549354 | 215493543 | 社科库409/409社科库 114排1列3层/ [索取号:F299.1/N496] | 在馆 | |
| 9 | 1549355 | 215493552 | 社科库409/409社科库 114排1列3层/ [索取号:F299.1/N496] | 在馆 |